| 000 | 00661nam a22002057a 4500 | ||
|---|---|---|---|
| 005 | 20251108173321.0 | ||
| 008 | 250721s2006 xx 000 0 ara d | ||
| 020 | _a9957466178 | ||
| 082 | 1 | 4 | _a372.210287/بطا |
| 100 | 1 | _aبطاينة، نور محمد | |
| 245 | 1 | 0 | _aإستخدام الحاسوب التعليمي في رياض الأطفال / |
| 264 | 1 |
_aإربد : _bعالم الكتب الحديث، _c2006. |
|
| 300 | _a183 ص. | ||
| 650 | 1 | 7 | _aالتعليم بواسطة الحاسوب |
| 650 | 1 | 7 | _aالطفولة المبكرة |
| 650 | 1 | 7 | _aالتعليم |
| 653 | _aمدارس الحضانة | ||
| 942 |
_2ddc _cBK |
||
| 999 |
_c101117 _d101117 |
||